000 00589nam a2200193Ia 4500
005 20250507130201.0
008 008 250505s9999 xx 000 0 eng d
037 _aSeries Article
040 _aEASL
_beng
_cEASL
041 _aeng
_2eng
084 _qEASL
100 _aEwing Richard Daniel
_9658766
245 0 _aHu Jintao: The making of a Chinese general secretary Richard Daniel Ewing
260 _aUK
_bCambridge Cambridge University Press UK
_c2003
300 _a17-34
650 _aChina; Quarterly - China
_9755019
942 _cSRA
999 _c1318192
_d1318192